[Event "TUR Cup"]
[Site "Adapazari"]
[Date "2022.04.01"]
[Round "11"]
[White "Colak, Tugay"]
[Black "Kavri, Yusuf Eren"]
[Result "0-1"]
[WhiteElo "1701"]
[BlackElo "1886"]
[PlyCount "68"]
[EventDate "2022.03.25"]
[EventType "swiss"]
[EventRounds "11"]
[EventCountry "TUR"]
[SourceTitle "EXT 2023"]
[Source "ChessBase"]
[SourceDate "2022.10.05"]
[SourceVersion "1"]
[SourceVersionDate "2022.10.05"]
[SourceQuality "1"]

1. d4 e6 2. c4 Nf6 3. Nc3 Bb4 4. Qc2 0-0 5. a3 Bxc3+ 6. Qxc3 b6 7. Nf3 Bb7 8. e3 d6 9. Bd3 Nbd7 10. Qc2 e5 11. d5 a5 12. b3 c6 13. e4 Rc8 14. Qe2 cxd5 15. cxd5 Nc5 16. Nd2 Nh5 17. g3 f5 18. b4 Nxd3+ 19. Qxd3 axb4 20. axb4 Nf6 21. 0-0 Qd7 22. Bb2 fxe4 23. Nxe4 Nxe4 24. Qxe4 Qb5 25. Rfd1 Rc4 26. Qd3 Rfc8 27. Ra7 Qd7 28. Qe3 Qc7 29. Ba3 Rc3 30. Qg5 Qf7 31. b5 Qf3 32. Qd2 Rc2 33. Qe1 Bxd5 34. Rxd5 Qxd5 0-1

[Event "TUR Cup"]
[Site "Adapazari"]
[Date "2022.03.31"]
[Round "10"]
[White "Caputcuoglu, Zeki Berke"]
[Black "Colak, Tugay"]
[Result "1-0"]
[WhiteElo "2095"]
[BlackElo "1701"]
[PlyCount "103"]
[EventDate "2022.03.25"]
[EventType "swiss"]
[EventRounds "11"]
[EventCountry "TUR"]
[SourceTitle "EXT 2023"]
[Source "ChessBase"]
[SourceDate "2022.10.05"]
[SourceVersion "1"]
[SourceVersionDate "2022.10.05"]
[SourceQuality "1"]

1. e4 c5 2. Nc3 Nc6 3. Nf3 d6 4. d4 cxd4 5. Nxd4 Nf6 6. f3 a6 7. Be3 Nxd4 8. Qxd4 e5 9. Qd2 Be6 10. 0-0-0 h5 11. Nd5 Nxd5 12. exd5 Bf5 13. f4 Rc8 14. Bd3 e4 15. Be2 Be7 16. Kb1 Bf6 17. h3 h4 18. Bg4 Qd7 19. Qe2 0-0 20. Bxf5 Qxf5 21. Qg4 g6 22. g3 Qxg4 23. hxg4 hxg3 24. Rdg1 Bg7 25. Rxg3 f6 26. f5 Kf7 27. g5 gxf5 28. g6+ Ke8 29. Rh5 Rc7 30. Rxf5 Rh8 31. c3 Re7 32. Bd4 Rh1+ 33. Kc2 Rh2+ 34. Kb3 e3 35. Bxe3 Re5 36. Rff3 Rxd5 37. a4 b5 38. a5 Rd1 39. Bd4 Rb1 40. Rf2 Rxf2 41. Bxf2 Rf1 42. Bd4 Rf5 43. Kc2 Kd7 44. Kd3 Kc6 45. b4 Rf1 46. Rh3 Kd5 47. Rh7 Bf8 48. g7 Bxg7 49. Rxg7 f5 50. Ra7 f4 51. Rxa6 f3 52. Rb6 1-0

[Event "TUR Cup"]
[Site "Adapazari"]
[Date "2022.03.29"]
[Round "7"]
[White "Incecinar, Abdullah Mete"]
[Black "Colak, Tugay"]
[Result "0-1"]
[WhiteElo "1248"]
[BlackElo "1701"]
[PlyCount "44"]
[EventDate "2022.03.25"]
[EventType "swiss"]
[EventRounds "11"]
[EventCountry "TUR"]
[SourceTitle "EXT 2023"]
[Source "ChessBase"]
[SourceDate "2022.10.05"]
[SourceVersion "1"]
[SourceVersionDate "2022.10.05"]
[SourceQuality "1"]

1. e4 c5 2. Nf3 d6 3. d4 cxd4 4. Qxd4 Nc6 5. Bb5 Bd7 6. Bxc6 Bxc6 7. Nc3 Nf6 8. Bg5 e6 9. 0-0-0 Be7 10. Rhe1 0-0 11. Qd3 Qa5 12. Kb1 b5 13. Nd4 Rfc8 14. Nxc6 Rxc6 15. Qxb5 Qc7 16. Qd3 Rb8 17. Bd2 Ng4 18. Rf1 Ne5 19. Qd4 Nc4 20. Bc1 Na3+ 21. Ka1 Nxc2+ 22. Kb1 Nxd4 0-1

[Event "TUR Cup"]
[Site "Adapazari"]
[Date "2022.03.28"]
[Round "5"]
[White "Colak, Tugay"]
[Black "Pehlivan, Mete"]
[Result "1-0"]
[WhiteElo "1701"]
[BlackElo "1293"]
[PlyCount "55"]
[EventDate "2022.03.25"]
[EventType "swiss"]
[EventRounds "11"]
[EventCountry "TUR"]
[SourceTitle "EXT 2023"]
[Source "ChessBase"]
[SourceDate "2022.10.05"]
[SourceVersion "1"]
[SourceVersionDate "2022.10.05"]
[SourceQuality "1"]

1. d4 Nf6 2. Bg5 g6 3. Bxf6 exf6 4. g3 Bg7 5. Bg2 0-0 6. e3 Nc6 7. c4 Re8 8. Ne2 d6 9. Nbc3 Bh6 10. 0-0 Bg5 11. Qa4 Bd7 12. Qc2 a5 13. a3 Rb8 14. Rab1 Ne7 15. b4 axb4 16. axb4 b5 17. Nxb5 Bxb5 18. cxb5 Rxb5 19. Rfc1 Qb8 20. Qxc7 Rxb4 21. Rxb4 Qxb4 22. Qd7 Kf8 23. Rc7 Qb1+ 24. Bf1 Qe4 25. Qxd6 Qe6 26. Qa3 Qb6 27. Ra7 f5 28. Nc3 1-0

[Event "TUR Cup"]
[Site "Adapazari"]
[Date "2022.03.27"]
[Round "4"]
[White "Yurtseven, Melih"]
[Black "Colak, Tugay"]
[Result "1-0"]
[WhiteElo "2388"]
[BlackElo "1701"]
[PlyCount "71"]
[EventDate "2022.03.25"]
[EventType "swiss"]
[EventRounds "11"]
[EventCountry "TUR"]
[SourceTitle "EXT 2023"]
[Source "ChessBase"]
[SourceDate "2022.10.05"]
[SourceVersion "1"]
[SourceVersionDate "2022.10.05"]
[SourceQuality "1"]

1. Nf3 d5 2. c4 d4 3. b4 c5 4. g3 Nf6 5. a3 Nbd7 6. Qa4 Qc7 7. Bg2 e5 8. d3 Bd6 9. 0-0 0-0 10. Nbd2 Nb6 11. Qb3 Bd7 12. b5 a6 13. a4 axb5 14. cxb5 Be6 15. Nc4 Bd5 16. Bg5 e4 17. Nfd2 exd3 18. exd3 Bxg2 19. Kxg2 Nxc4 20. Nxc4 Nd5 21. a5 Qd7 22. Bd2 Bc7 23. Rfe1 b6 24. a6 h5 25. h4 Qg4 26. Re4 Qd7 27. Rae1 Nb4 28. Re7 Qd5+ 29. f3 Bd6 30. Rd7 Rfd8 31. Rxd6 Rxd6 32. Re5 Re6 33. Rxd5 Nxd5 34. f4 Re2+ 35. Kf1 Rae8 36. Ne5 1-0

[Event "TUR Cup"]
[Site "Adapazari"]
[Date "2022.03.26"]
[Round "3"]
[White "Ozmen, Sevket Mert"]
[Black "Colak, Tugay"]
[Result "0-1"]
[WhiteElo "1326"]
[BlackElo "1701"]
[PlyCount "77"]
[EventDate "2022.03.25"]
[EventType "swiss"]
[EventRounds "11"]
[EventCountry "TUR"]
[SourceTitle "EXT 2023"]
[Source "ChessBase"]
[SourceDate "2022.10.05"]
[SourceVersion "1"]
[SourceVersionDate "2022.10.05"]
[SourceQuality "1"]

1. e4 c5 2. c3 d5 3. exd5 Qxd5 4. d4 Nc6 5. Nf3 Bg4 6. Be2 cxd4 7. cxd4 e6 8. h3 Bb4+ 9. Nc3 Bxf3 10. Bxf3 Qa5 11. 0-0 Nge7 12. Bd2 0-0 13. a3 Bxc3 14. bxc3 Qc7 15. Be4 Na5 16. Rb1 Rad8 17. Qc2 h6 18. f4 b6 19. Rf3 Nc4 20. Bc1 Nd6 21. Bd3 Nd5 22. Rb3 Rc8 23. Rg3 Kh8 24. Be4 Nxe4 25. Qxe4 Qc4 26. Qb1 Qe2 27. Kh2 Rc4 28. f5 Rfc8 29. fxe6 Qxe6 30. Bd2 Nf6 31. Re3 Qd6+ 32. Kg1 Nd5 33. Rf3 Nxc3 34. Bxc3 Rxc3 35. Rbxc3 Rxc3 36. Rxf7 Qxd4+ 37. Kh1 Qc4 38. Qg6 Rc1+ 39. Kh2 0-1

[Event "TUR Cup										"]
[Site "Antalya"]
[Date "2018.01.28"]
[Round "3"]
[White "Aysoy, Veysi"]
[Black "Colak, Tugay"]
[Result "1-0"]
[WhiteElo "1928"]
[BlackElo "1662"]
[PlyCount "145"]
[EventDate "2018.01.27"]
[EventType "swiss"]
[EventRounds "11"]
[EventCountry "TUR"]
[SourceTitle "CBM 182 Extra"]
[Source "ChessBase"]
[SourceDate "2018.02.23"]
[SourceVersion "1"]
[SourceVersionDate "2018.02.23"]
[SourceQuality "1"]

1. e4 c5 2. Nf3 d6 3. d4 cxd4 4. Nxd4 Nf6 5. Nc3 a6 6. Bc4 e6 7. 0-0 Be7 8. Bb3 0-0 9. Be3 Nc6 10. f3 Bd7 11. Qe1 b5 12. Nxc6 Bxc6 13. Rd1 Qc7 14. Qf2 a5 15. a4 b4 16. Ne2 d5 17. exd5 Bxd5 18. Nd4 Bxb3 19. cxb3 Qb7 20. Nb5 Rfd8 21. Kh1 Rac8 22. Bb6 Rxd1 23. Rxd1 Nd5 24. Bd4 Qc6 25. Rg1 Qc2 26. Qg3 f6 27. Qg4 Kf7 28. Re1 e5 29. h3 Rc6 30. Qh5+ Kf8 31. Bxe5 Ne3 32. Rg1 fxe5 33. Qxe5 Qc5 34. Qe4 g6 35. Nd4 Nf5 36. Qxc6 Ng3+ 37. Kh2 Qxd4 38. Re1 Nf5 39. Qc8+ Kg7 40. Qc7 Kf6 41. f4 Qf2 42. Qe5+ Kf7 43. Re2 Qg3+ 44. Kh1 Qxb3 45. Kh2 Qg3+ 46. Kg1 Qd3 47. Kh2 Qd7 48. g4 Nd4 49. Rf2 Nc6 50. Qh8 h5 51. Qh7+ Kf8 52. Qh8+ Kf7 53. Qh7+ Kf8 54. Qh8+ Kf7 55. gxh5 gxh5 56. Qxh5+ Kf8 57. Qh8+ Kf7 58. Rg2 Bf6 59. Qh7+ Ke6 60. Re2+ Kd6 61. Qd3+ Nd4 62. Qa6+ Kc5 63. Qxa5+ Kc4 64. Qa6+ Kb3 65. Qd3+ Kxa4 66. b3+ Ka5 67. Ra2+ Kb6 68. Ra6+ Kb7 69. Rxf6 Qe7 70. Qxd4 Qe2+ 71. Kg3 Qe1+ 72. Qf2 Qc3+ 73. Qf3+ 1-0

[Event "TUR Cup										"]
[Site "Antalya"]
[Date "2018.01.28"]
[Round "2"]
[White "Colak, Tugay"]
[Black "Karacay, Aybar"]
[Result "1/2-1/2"]
[WhiteElo "1662"]
[BlackElo "1993"]
[PlyCount "178"]
[EventDate "2018.01.27"]
[EventType "swiss"]
[EventRounds "11"]
[EventCountry "TUR"]
[SourceTitle "CBM 182 Extra"]
[Source "ChessBase"]
[SourceDate "2018.02.23"]
[SourceVersion "1"]
[SourceVersionDate "2018.02.23"]
[SourceQuality "1"]

1. d4 e6 2. c4 Bb4+ 3. Bd2 a5 4. a3 Bxd2+ 5. Qxd2 Nf6 6. Nc3 b6 7. e4 Bb7 8. Bd3 0-0 9. Nge2 d6 10. 0-0 e5 11. d5 Na6 12. Bc2 Nc5 13. b4 Ncd7 14. Rab1 axb4 15. axb4 Ba6 16. Bd3 Re8 17. Rfe1 Nf8 18. Nd1 Bc8 19. Ne3 Ng6 20. Qc2 Qe7 21. Rec1 Nd7 22. Nf5 Qf8 23. Qd2 Bb7 24. Rb3 Ra7 25. h4 h6 26. Bb1 Rea8 27. Rg3 Ra3 28. Nc3 Nf6 29. Nb5 Rxg3 30. fxg3 Qd8 31. c5 bxc5 32. bxc5 Ba6 33. Qa5 Bxb5 34. Qxb5 Rb8 35. Qc4 Ne7 36. Ne3 Ne8 37. g4 Ng6 38. g3 Nf8 39. Bd3 Nd7 40. cxd6 cxd6 41. Nf5 Nc5 42. Be2 Rc8 43. Bf3 Kh7 44. Rc2 g6 45. Ne3 Ng7 46. Qe2 Rb8 47. Rb2 Rb6 48. Kg2 Qb8 49. Rxb6 Qxb6 50. Nc4 Qa6 51. Qc2 Ne8 52. Nxe5 f6 53. Nc4 Kg7 54. h5 g5 55. Ne3 Qd3 56. Nf5+ Kh7 57. Qa2 Qa6 58. Qxa6 Nxa6 59. Kf2 Nc5 60. Ke3 Nb7 61. Be2 Ng7 62. Ne7 Nd8 63. Bd3 Kh8 64. Nc8 Nf7 65. Kd4 Ne5 66. Nxd6 Nxg4 67. Nc4 Kg8 68. Be2 Nf2 69. g4 Kf7 70. e5 fxe5+ 71. Nxe5+ Kf6 72. d6 Ne6+ 73. Kd5 Nf4+ 74. Kc6 Kxe5 75. d7 Ne6 76. Bc4 Nd8+ 77. Kc7 Nxg4 78. Kxd8 Nf6 79. Ke7 Nxd7 80. Kxd7 g4 81. Bf1 Kf6 82. Kd6 Kg5 83. Ke5 Kxh5 84. Ke4 Kg5 85. Ke3 h5 86. Kf2 Kf4 87. Kg2 h4 88. Be2 Kf5 89. Bxg4+ Ke5 1/2-1/2

[Event "TUR-chT"]
[Site "Izmir"]
[Date "2016.08.03"]
[Round "10.7"]
[White "Colak, Tugay"]
[Black "Fataliyeva, Ulviyya Hasil Qizi"]
[Result "0-1"]
[WhiteElo "1609"]
[BlackElo "2258"]
[PlyCount "42"]
[EventDate "2016.07.25"]
[EventType "team-swiss"]
[EventRounds "13"]
[EventCountry "TUR"]
[SourceTitle "CBM 173 Extra"]
[Source "ChessBase"]
[SourceDate "2016.08.29"]
[SourceVersion "1"]
[SourceVersionDate "2016.08.29"]
[SourceQuality "1"]
[WhiteTeam "Kocaeli Buyuksehir Belediyesi"]
[BlackTeam "Onur Koleji Genc"]
[WhiteTeamCountry "TUR"]
[BlackTeamCountry "TUR"]

1. d4 Nf6 2. Nf3 e6 3. c4 d5 4. Nc3 Be7 5. Bf4 0-0 6. e3 b6 7. cxd5 exd5 8. Be2 c5 9. 0-0 c4 10. h3 a6 11. a4 Nc6 12. b3 Bb4 13. Qc2 Bxc3 14. Qxc3 Ne4 15. Qc1 Na5 16. Bd1 cxb3 17. Rb1 Bd7 18. Bxb3 Nxb3 19. Rxb3 Bxa4 20. Bc7 Qe7 21. Rxb6 Bb5 0-1

[Event "TUR-chT"]
[Site "Izmir"]
[Date "2016.07.30"]
[Round "7.5"]
[White "Baglan, Esat"]
[Black "Colak, Tugay"]
[Result "1-0"]
[WhiteElo "2246"]
[BlackElo "1609"]
[PlyCount "35"]
[EventDate "2016.07.25"]
[EventType "team-swiss"]
[EventRounds "13"]
[EventCountry "TUR"]
[SourceTitle "CBM 173 Extra"]
[Source "ChessBase"]
[SourceDate "2016.08.29"]
[SourceVersion "1"]
[SourceVersionDate "2016.08.29"]
[SourceQuality "1"]
[WhiteTeam "Tas Duvar"]
[BlackTeam "Kocaeli Buyuksehir Belediyesi"]
[WhiteTeamCountry "TUR"]
[BlackTeamCountry "TUR"]

1. e4 c5 2. Nf3 d6 3. d4 cxd4 4. Nxd4 Nf6 5. Nc3 a6 6. Bg5 Nbd7 7. f4 h6 8. Bxf6 Nxf6 9. f5 Bd7 10. Bc4 Rc8 11. Bb3 Qa5 12. 0-0 b5 13. a3 Qb6 14. Kh1 Rxc3 15. bxc3 Nxe4 16. Qf3 Nd2 17. Qa8+ Qd8 18. Bxf7+ 1-0

[Event "TUR-ch U20"]
[Site "Canakkale"]
[Date "2016.06.28"]
[Round "2"]
[White "Kucuksari, Kaan"]
[Black "Colak, Tugay"]
[Result "1-0"]
[WhiteElo "2120"]
[BlackElo "1609"]
[PlyCount "33"]
[EventDate "2016.06.27"]
[EventType "swiss"]
[EventRounds "9"]
[EventCountry "TUR"]
[SourceTitle "CBM 173 Extra"]
[Source "ChessBase"]
[SourceDate "2016.08.29"]
[SourceVersion "1"]
[SourceVersionDate "2016.08.29"]
[SourceQuality "1"]

1. d4 d5 2. Nf3 Nf6 3. c4 e6 4. g3 b6 5. Bg2 Bb7 6. cxd5 Bxd5 7. 0-0 c5 8. Nc3 Bc6 9. Bg5 cxd4 10. Nxd4 Bxg2 11. Kxg2 a6 12. Bxf6 Qxf6 13. Qa4+ Nd7 14. Rfd1 Bc5 15. Ne4 Qe5 16. Nc3 Qf6 17. Ne4 1-0